000 00346nam a2200133Ia 4500
008 150202s9999 xx 000 0 und d
020 _a671560611
050 _aFIC
_bFIC
100 _aCox, Greg.
245 4 _aThe black shore /
_cGreg Cox.
260 _aNew York :
_bPocket Books,
_c1997.
300 _a278 pages :
_c18 cm.
650 _aFiction.
999 _c281938
_d281938